| 000 | 00824cab a2200229 4500 | ||
|---|---|---|---|
| 001 | WB3504-08 | ||
| 008 | 090401t1999 xxu||||| |||| 00| 0 eng d | ||
| 035 | _a(Sirsi) u90913 | ||
| 041 | _aeng | ||
| 245 | _a`Blue sky` boys watch their weight for 1999 | ||
| 260 | _c1999 | ||
| 350 | _a0 | ||
| 490 |
_aProperty Week _v64(3) 22 January 1999, 15(1) |
||
| 520 | _aProperty analysts from Merrill Lynch have started 1999 with a `modestly overweight` forecast for property shares. This is in contrast to their recommendation at the start of 1998, which was `Blue Sky and Beyond`. | ||
| 650 | _aFORECASTS | ||
| 650 | _aMERRILL LYNCH | ||
| 650 | _aPROPERTY ANALYSTS | ||
| 650 | _aPROPERTY SHARES | ||
| 690 | _aPROPERTY-COMMERCIAL PROPERTY-COMMERCIAL PROPERTY FINANCE AND INVESTMENT | ||
| 942 | _n0 | ||
| 948 | _c26/01/1999 | ||
| 999 |
_c57674 _d57674 |
||